01120nab a2200229 i 4500001000400000003000400004005001700008008003900025040000800064080001200072100012700084245016600211260001000377500002100387520021400408650001400622650002400636773016600660942001300826999001500839952003600854BPPBPK20160604115517.0160112s1978 pl | | |000 ||pol cBPK a796.012 aWOJCIECHOWSKI, Leszek.d1968 - 1996.bWyższa Szkoła Inżynierska w Koszalinie - Studium Wychowania Fizycznego i Sportu aUwagi o zmianach sezonowych fałd skórno-tłuszczowych brzucha i grzbietu u studentów Wyższej Szkoły Inżynierskiej w Koszalinie /cLeszek Wojciechowski. c1978. aDane z autopsji. aW niniejszym doniesieniu przedstawione zostały wyniki obserwacji grubości fałdy tłuszczowej brzucha i grzbietu u studentów Wydziału Budownictwa Lądowego i Mechanicznego w okresie od 1972 - 1974 roku. 0aStudenci. 0aTkanka tłuszczowa. iW :tZeszyty Naukowe Wyższej Szkoły Inżynierskiej w Koszalinie. Prace Studiów Wychowania Fizycznego i Sportu Uczelni Technicznych. -g1978, nr 5, s. 89-93 cART2UKD c5161d5161 00104070aBPKbBPKo0153yART